| 000 | 01122cam a22003373a 4500 | ||
|---|---|---|---|
| 001 | 16401557 | ||
| 003 | OSt | ||
| 005 | 20140310181646.0 | ||
| 008 | 870902s1987 nyu 000 1 eng d | ||
| 010 | _a 97820784 | ||
| 020 | _a0590251627 | ||
| 035 | _a(OCoLC)ocm16633572 | ||
| 040 |
_aCOQ _cCOQ _dOCL _dBGU _dDLC |
||
| 050 | 0 | 0 |
_aPZ 7 _b.M379 1987 |
| 082 |
_aKF# BSC _b#7 |
||
| 100 | 1 |
_aMartin, Ann M., _d1955- _94102 |
|
| 245 | 1 | 0 |
_aThe Baby-Sitters club : Claudia and mean Janine / _cAnn M. Martin. |
| 250 | _a1st Scholastic printing. | ||
| 260 |
_aNew York : _bScholastic, _cc1987. |
||
| 300 |
_a145 p. ; _c20 cm. |
||
| 490 | 1 |
_aThe baby-sitters club ; _v7 |
|
| 541 | _j1 | ||
| 541 | _j2 | ||
| 562 | _eFor circulation. 2 copy available in the collection | ||
| 650 | 0 |
_aSisters _vJuvenile fiction. _94103 |
|
| 650 | 0 |
_aBabysitters Club (Imaginary organization) _vJuvenile fiction. _94104 |
|
| 655 | 7 |
_aYoung adult fiction. _2lcsh _93735 |
|
| 710 | 2 |
_aCopyright Paperback Collection (Library of Congress) _5DLC _9705 |
|
| 906 |
_a7 _bcbc _ccopycat _d2 _encip _f19 _gy-genrareb |
||
| 942 |
_2lcc _cBK-KF _kKF |
||
| 999 |
_c896 _d896 |
||